CONCRETE TECHNOLOGY THEORY AND PRACTICE (Record no. 5412)

MARC details
000 -LEADER
fixed length control field 00349nam a22001457a 4500
005 - DATE AND TIME OF LATEST TRANSACTION
control field 20170401170751.0
008 - FIXED-LENGTH DATA ELEMENTS--GENERAL INFORMATION
fixed length control field 170401b xxu||||| |||| 00| 0 eng d
020 ## - INTERNATIONAL STANDARD BOOK NUMBER
ISBN 978-81-219-003-4
041 ## - LANGUAGE CODE
Language code of text/sound track or separate title eng
100 ## - MAIN ENTRY--AUTHOR NAME
Personal name SHETTY, M.S.
245 ## - TITLE STATEMENT
Title CONCRETE TECHNOLOGY THEORY AND PRACTICE
260 ## - PUBLICATION, DISTRIBUTION, ETC. (IMPRINT)
Name of publisher S. CHAND
Year of publication 1982
300 ## - PHYSICAL DESCRIPTION
Number of Pages 660
942 ## - ADDED ENTRY ELEMENTS (KOHA)
Koha item type Books
Holdings
Lost status Damaged status Home library Current library Shelving location Date acquired Source of acquisition Cost, normal purchase price Accession Number Koha item type
    JRU Library   SHELF-72-E 01/04/2017 PURCHESS 750.00 21689 Books